| 000 | 00711nam a2200217Ii 4500 | ||
|---|---|---|---|
| 003 | JO-AjNU | ||
| 008 | 230605s9999||||xx |||||||||||||| ||und|| | ||
| 017 | _a94/9720 | ||
| 020 | _a977-215-139-1 | ||
| 040 |
_aJO-AjNU _bara _erda _cJO-AjNU |
||
| 041 | _aara | ||
| 050 | 1 | 4 | _aB56.K42.1993 |
| 100 | 3 |
_aالخشت،محمد عثمان , _eauthor _99347 |
|
| 245 | 0 | 0 | _aفلسفة الدين في ضوء تاويل جديد للنقدية الكنطية |
| 264 | 3 | 1 | _aالقاهرة:دار غريب ، 1993 |
| 300 | _a198ص | ||
| 336 |
_atext _btxt _2rdacontent |
||
| 337 |
_aunmediated _bn _2rdamedia |
||
| 338 |
_avolume _bnc _2rdacarrier |
||
| 650 | 4 |
_aديانات-فلسفة-فلسفة المانية _99348 |
|
| 999 |
_aA1252 _c4820 _d4820 |
||